Word Ladder: From the Neck Up Quiz Stats

 Plays Quiz Updated Sep 6, 2013

Support Sporcle.
Go Orange.
Score 0/36 Timer 04:00
0 Plays Today
Hint 4-Letter Word % Correct
Apple centerCORE
93.8%
Pork or lamb followerCHOP
93.3%
Poker tokenCHIP
93.3%
ConfineCOOP
92.9%
☻ Hat holder ☻☺ HEAD ☺
92.9%
Superhero accessoryCAPE
92.3%
☻ Sniffer ☻☺ NOSE ☺
91.4%
MisplaceLOSE
91.1%
Business firm, for shortCORP
90.3%
Rosary unitBEAD
89.7%
Raven relativeCROW
89.7%
☻ Back of the neck ☻☺ NAPE ☺
89.5%
Disease ender?CURE
88.9%
Actress BlanchettCATE
88.5%
☻ Ear dangler ☻☺ LOBE ☺
86.5%
Slangy negativeNOPE
85.3%
Die shapeCUBE
84.8%
☻ Kisser ☻☺ LIPS ☺
83.9%
Hint 4-Letter Word % Correct
Steep some teaBREW
83.6%
☻ High, low, or uni follower ☻☺ BROW ☺
83.2%
Friction reducerLUBE
81.6%
An impudent kidBRAT
81%
☻ Boxer's target ☻☺ CHIN ☺
80.7%
Race unitsLAPS
77.9%
Small nailBRAD
77%
Highland galLASS
76.1%
Film detective Charlie ____CHAN
73.4%
Author Easton EllisBRET
72.9%
VittlesCHOW
72.5%
Cherry stonesPITS
72.3%
Backups for a Knight?PIPS
69.4%
Chewing tobaccoCHAW
68.5%
TrailPATH
64.3%
☻ Dome ☻☺ PATE ☺
62%
Kind of helmetPITH
59.9%
☻ Eye protector ☻☺ LASH ☺
57.6%

Today's Daily Dose

You're not logged in!

Compare scores with friends on all Sporcle quizzes.
OR
Log In
Forgot?

From the Vault

Word Wheels II

by hockeystix3

Round and round and round we go.
Remove Ads.
Support Sporcle.
Get the best of Sporcle when you Go Orange. This ad-free experience offers more features, more stats, and more fun while also helping to support Sporcle. Thank you for becoming a member.

Show Comments

Extras

Top Quizzes Today


Score Distribution

Your Account Isn't Verified!

In order to create a playlist on Sporcle, you need to verify the email address you used during registration. Go to your Sporcle Settings to finish the process.

Report this User

Report this user for behavior that violates our Community Guidelines.

Details: